Do your own Horoscope in just 30 minutes! (Record no. 526689)

000 -LEADER
fixed length control field 00259nam a22000977a 4500
082 ## - DEWEY DECIMAL CLASSIFICATION NUMBER
Classification number SNT YA6 L585
100 ## - MAIN ENTRY--PERSONAL NAME
Personal name Lewi, Grant
9 (RLIN) 46249
245 ## - TITLE STATEMENT
Title Do your own Horoscope in just 30 minutes!
Remainder of title By Lewi, Grant
260 ## - PUBLICATION, DISTRIBUTION, ETC. (IMPRINT)
Place of publication, distribution, etc New Delhi
Name of publisher, distributor, etc Jain
Date of publication, distribution, etc 1999
300 ## - PHYSICAL DESCRIPTION
Extent 475p
Holdings
Withdrawn status Lost status Source of classification or shelving scheme Damaged status Koha normalized classification for sorting Not for loan Permanent location Current location Date acquired Full call number Barcode Date last seen Price effective from Koha item type
        SNT_YA6_L585   Indian Institute of Public Administration Indian Institute of Public Administration 2024-06-19 SNT YA6 L585 GR25195 2024-06-19 2024-06-19 GR

Powered by Koha